Traduction en-fr: moments & sesons / moments & saisons - Statistiques

Statistiques générales
  • Ce quiz a été pris 43 fois
  • Le résultat moyen est 10 sur 10
Statistiques - réponses
Mots en en/ Words in en Mots en fr/ Words in fr % Correct
The night La nuit
100%
The afternoon L’après-midi
100%
The autumn (GB) | The fall (US) L’automne
100%
The summer L’été
100%
The winter L’hiver
100%
A season Une saison
100%
The spring Le printemps
97%
The evening Le soir
97%
Midnight Minuit
95%
Noon | Midday Midi
92%
Aucun quiz correspondant
Distribution des résultats
% des personnes avec chaque résultat
Percentile par nombre de réponses
Votre historique - résultats
Vous n’avez pas pris ce quiz